Las Cercanías de Barcelona : guía - cicerone : descriptiva, estadística é histórica del forastero / por José Fiter e Inglés guía - cicerone :
Descripción Física:
144 p., 2 f. plegats : il. ; 15 cm
MARC
| LEADER | 00000nam a2200000Ia 4500 | ||
|---|---|---|---|
| 001 | 19844 | ||
| 008 | 160829s1888 xx 000 0 cat d | ||
| 080 | |a R-12-90 | ||
| 100 | |a Fiter i Inglès, Josep |9 47450 | ||
| 245 | |a Las Cercanías de Barcelona : |b guía - cicerone : |b descriptiva, estadística é histórica del forastero / por José Fiter e Inglés | ||
| 260 | |a Barcelona : |b Tipografía de la Casa Provincial de Caridad, |c 1888 | ||
| 300 | |a 144 p., 2 f. plegats : |b il. ; |c 15 cm | ||
| 590 | |a Prové de 1382, exp. 50. | ||
| 590 | |a Exposició: Obrim l'Arxiu 2008 | ||
| 650 | |a Barcelona |x Guies |9 47451 | ||
| 650 | |a Barcelona |x Història |9 26945 | ||
| 650 | |a Urbanisme |x Barcelona |x Història |9 26087 | ||
| 901 | |a Arxiu | ||
| 942 | |n 1 | ||
| 952 | |0 0 |1 0 |4 0 |6 R1290 |7 1 |9 53889 |a Arxiu |b Arxiu |d 2016-12-01 |l 0 |o R-12-90 |p 19844 |r 2016-12-01 00:00:00 |w 2016-12-01 |y ARXIU | ||
| 999 | |c 57756 |d 57756 | ||